000 00615nam a2200229Ia 4500
003 OSt
005 20221007065109.0
006 a|||||r|||| 00| 0
007 ta
008 221006b |||||||| |||| 00| 0 eng d
024 _a28,776
037 _cTextual
040 _aFLL
_cFLL
_beng
041 _2eng
_aeng
082 _aZQ2, L7
100 _aDerrett J. Duncan M.
245 0 _aEssays in classical and modern hindu law
260 _aDelhi
_bUniversal Book Traders India
_c1977
300 _axix,510p
_ccm.
942 _hZQ2, L7
_cTEXL
_2CC
999 _c1136291
_d1136291